000
00239nam a2200097Ia 4500
008
120527s9999 xx 000 0 und d
100
_a
Cohn-Sherbok, D.
245
_a
Not a job a nice Jewish boy.
260
_b
Bellow Publishing
942
_c
BK
999
_c
14920
_d
14920